00747nam a2200217Ii 45000010005000000030009000050080041000140400033000550410008000880820010000961000041001062450023001472640062001703000012002323360026002443370028002703380027002989400050003259990017003759520137003927674CO-ViMGA241108s9999||||xx |||||||||||||| ||und|| aCO-ViMGAbspaerdacCO-ViMGA0 aunk04aC-J611 aBernardo Jímenez Montellano95374610a